000 00265nam a22001217a 4500
008 170504b xxu||||| |||| 00| 0 eng d
041 _aeng
080 _22ND
_a34
100 _a14
101 _aSHJ
245 _aAMERICAN JURISPRUDENCE
_cHALL, T.M
942 _2udc
_cBK
999 _c12662
_d12662